00293pab a2200121 454500008004000000100001700040245004500057260000900102300000800111362001100119650002200130773001900152180718b1995 xxu||||| |||| 00| 0 eng d aTrikha, N.K. aChoice of Governorsball norms violated. c1995 ap.8 a24 Apr aGovernors - India aIndian Express